00295nam a2200121Ia 4500008004100000082001700041100002500058245003300083250001300116260002700129300000900156650000800165191201s2009 xx 000 0 und d a005.133bSTC aSTROUSTRAP, B. Jarne 0aThe C++ Programming Language a4th IMP. aN.DelhibPearsonc2009 a1019 aMCA